Places To Study

There are group study rooms, individual study carrels, computer labs, and other spaces to study in the Libraries.

Reserve A Group Room

Online Resources

Access thousands of eBooks, audiobooks, and online journals from the comfort of your home.

Explore Resources

Events and Workshops

Join our upcoming events and workshops to enhance your skills and knowledge.

View Events

လယ်တီဒီပနီပေါင်းချုပ်၊ (Record no. 2681)

MARC details
000 -LEADER
fixed length control field 00889nam a22001937a 4500
003 - CONTROL NUMBER IDENTIFIER
control field OSt
005 - DATE AND TIME OF LATEST TRANSACTION
control field 20251209133732.0
008 - FIXED-LENGTH DATA ELEMENTS--GENERAL INFORMATION
fixed length control field 251209b |||||||| |||| 00| 0 eng d
040 ## - CATALOGING SOURCE
Transcribing agency DCL
082 ## - DEWEY DECIMAL CLASSIFICATION NUMBER
Classification number ၂၉၄.၃
100 0# - MAIN ENTRY--PERSONAL NAME
Personal name လယ်တီဆရာတော်ဘုရားကြီး။
245 1# - TITLE STATEMENT
Title လယ်တီဒီပနီပေါင်းချုပ်၊
Number of part/section of a work ဒုတိယတွဲ /
Statement of responsibility, etc. လယ်တီဆရာတော်ဘုရားကြီး။
250 ## - EDITION STATEMENT
Edition statement ဒုတိယအကြိမ်။
260 ## - PUBLICATION, DISTRIBUTION, ETC.
Place of publication, distribution, etc. ရန်ကုန်မြို့ ၊
Name of publisher, distributor, etc. ပင်နီစာအုပ်တိုက်၊
Date of publication, distribution, etc. ၂၀၀၈။
300 ## - PHYSICAL DESCRIPTION
Extent ဂံ၊ ၆၁၆ စာမျက်နှာ ၊
Dimensions ၂၅ စင်တီ။
650 ## - SUBJECT ADDED ENTRY--TOPICAL TERM
Topical term or geographic name entry element ဗုဒ္ဓဘာသာ
650 ## - SUBJECT ADDED ENTRY--TOPICAL TERM
Topical term or geographic name entry element သစ္စာလေးပါး
942 ## - ADDED ENTRY ELEMENTS (KOHA)
Source of classification or shelving scheme Dewey Decimal Classification
Koha item type Short Term
Suppress in OPAC No
Holdings
Withdrawn status Lost status Source of classification or shelving scheme Damaged status Not for loan Collection Accession No. Home library Current library Shelving location Date acquired Total checkouts Full call number Barcode Date last seen Price effective from Koha item type
    Dewey Decimal Classification     Myanmar Collection ၂၃ Dhammadhara Dhammadhara Myanmar Shelves 09/12/2025   ၂၉၄.၃ လယ် ၂၃ MB00000023 09/12/2025 09/12/2025 Short Term